Rumbo a Tombuctú : (Registro nro. 10657)

Detalles MARC
000 -LIDER
fixed length control field 00777nam a22002537a 4500
001 - NÚMERO DE CONTROL
Identificador de número de control 00701
003 - IDENTIFICACDOR DE NÚMERO DE CONTROL
control field DO-SdBNP
005 - DATE AND TIME OF LATEST TRANSACTION
control field 20180202151346.0
007 - CAMPOS FIJOS DE DESCRIPCIÓN FÍSICA
fixed length control field 00701
008 - ELEMENTOS DE LONGITUD FIJA
fixed length control field 160704b sp 1998||||| |||| 00| 0 spa d
020 ## - ISBN
International Standard Book Number 9788440683854
040 ## - FUENTE DE CATALOGACIÓN
Agencia que crea de manera original el registro BPMSU
Idioma de catalogación spa
Agencia que realiza la transcripción BPMSU
092 ## - LOCALLY ASSIGNED DEWEY DECIMAL CALL NUMBER
Número de clasificación xxxxxxxxxx
Número de ítem (Cutter) xxxxxxxxxx
100 1# - ASIENTO PRINCIPAL -- NOMBRE PERSONAL
Nombre personal Jenkins, Mark
245 1# - MENCIÓN DE TITULO
Título Rumbo a Tombuctú :
Subtítulo una travesía en kayak por el río Níger /
Mención de responsabilidad Mark Jenkins ; traducción Eduardo Iriarte
260 ## - PUBLICACIÓN, DISTRIBUCIÓN, ETC. (PIE DE IMPRENTA)
Lugar de publicación, distribución, etc Barcelona :
Nombre del editor, distribuidor, etc. Ediciones B,
Fecha de publicación, distribución, etc 1997.
300 ## - DESCRIPCIÓN FÍSICA
Extensión 306 p. :
Otros detalles físicos fot.,
Dimensiones 19 cm.
490 1# - MENCIÓN DE SERIES
Mención de serie Biblioteca grandes viajeros
700 1# - ASIENTO SECUNDARIO -- NOMBRE PERSONAL
Nombre personal Iriarte, Eduardo,
Mención de responsabilidad tr.
830 #0 - ASIENTO SECUNDARIO DE SERIE--TÍTULO UNIFORME
Título uniforme Biblioteca grandes viajeros
942 ## - ADDED ENTRY ELEMENTS (KOHA)
Source of classification or shelving scheme Dewey Decimal Classification
Koha item type Libros
945 ## - INFORMACIÓN DE PROCESAMIENTO LOCAL
Información de procesamiento local Inventariado, 2018/ YL
956 ## - LOCAL ELECTRONIC LOCATION AND ACCESS (OCLC)
Nombre de host BTAVÁREZ
Número de acceso 10
Información de compresión 20160406
Trayectoria 00701
Existencias
Withdrawn status Lost status Source of classification or shelving scheme Damaged status Not for loan Collection code Home library Current library Date acquired Source of acquisition Total Checkouts Barcode Date last seen Price effective from Koha item type
    Dewey Decimal Classification     Colección General Biblioteca Pública Metropolitana Salomé Ureña Biblioteca Pública Metropolitana Salomé Ureña 07/04/2016 Donación   BPMSU16070030 07/04/2016 07/04/2016 Libros